| 000 | 01127cab a22002055a 4500 | ||
|---|---|---|---|
| 001 | L145332 | ||
| 008 | 080930e20080919xxkdo f s 000 0 eng d | ||
| 035 | _a(Sirsi) u145332 | ||
| 041 | 0 | _aeng | |
| 100 | 1 | _aRay, Debika | |
| 245 | 0 | 2 | _aA game of musical jobs |
| 260 | _c2008 | ||
| 490 | 0 |
_aBuilding _v273(8547) 19 September 2008, 45-49(5) |
|
| 520 | _aDiscusses results from the 2008 "Hays Construction/Building" contractors' salaries guide. Reveals that due to the credit crunch, the amount of job seekers in the UK construction industry increased while the amount of jobs decreased. Explains that it results in salaries increasing much slower, by 2.1% this year compared to the 7.7% raise of last year. Salary tables show average pay for quantity surveyors, health and safety workers, site agents/foremen, planners, estimators, engineers, contract/project managers, and buyers. Salaries are broken down by UK region. | ||
| 590 | _aKA | ||
| 650 | 2 | 4 | _aHAYS CONSTRUCTION/BUILDING CONTRACTORS' SALARIES GUIDE |
| 651 | 4 |
_aUnited Kingdom _y |
|
| 690 | _aCAREERS, EDUCATION AND TRAINING-SURVEYING APPOINTMENTS | ||
| 942 | _n0 | ||
| 999 |
_c80779 _d80779 |
||